TimeSplitters: Future Perfect - All Characters - Statistics

General Stats
  • This quiz has been taken 29 times
  • The average score is 72 of 150
Answer Stats
Answer % Correct
Dr. Cortez
100%
Henchman Cortez
100%
Time Assassin Cortez
100%
Cortez
94%
Harry Tipper
88%
Swinging Tipper
88%
Anya
81%
Bear
81%
Monkey
81%
Brains
75%
Captain Ash
75%
Corporal Hart
75%
Jo-Beth Casey
75%
Ninja Monkey
75%
R-110
75%
The Shoal
75%
Dinosaur
69%
Henchman
69%
Khallos
69%
The General
69%
Amy Chen
63%
Carrion Carcass
63%
Dr. Amy
63%
Elite Henchman
63%
Henchwoman
63%
Kitten Celeste
63%
Leo Krupps
63%
The Deerhaunter
63%
The Jungle Queen
63%
Angel Forge
56%
Berserker Splitter
56%
Calamari
56%
Deadwina
56%
Duckman Drake
56%
Edwina
56%
Elite Henchwoman
56%
Gingerbread Man
56%
Gladstone
56%
Handyman
56%
Headsprouter
56%
Jared Slim
56%
Jo-Barf Creepy
56%
Mr Underwood
56%
Private Jones
56%
Security
56%
Sewer Zombie
56%
Snowman
56%
Undead Priest
56%
Venus
56%
Victorian Crow
56%
Blanche Deadwood
50%
Booty Guard
50%
Changeling
50%
Clip Clamp
50%
Crispin
50%
Crypt Zombie
50%
Dozer
50%
Dr. Lancet
50%
Inceptor
50%
Inceptress
50%
Jacob Crow
50%
Jed
50%
Karma Crow
50%
Lt. Black
50%
Mad Old Crow
50%
Maiden
50%
Nurse Sputum
50%
Private Hicks
50%
Robofish
50%
Stumpy
50%
Arthur Aching
44%
Aztec Warrior
44%
Badass Cyborg
44%
Chinese Chef
44%
Cyborg Chimp
44%
Daisy Dismay
44%
Gaston Boucher
44%
Hans
44%
High Priest
44%
Insetick SD/12
44%
Insetick SK/10
44%
Lt. Christine Malone
44%
Med-Unit 6
44%
Mischief
44%
Mordecai Jones
44%
Mr. Fleshcage
44%
Prison Officer
44%
Sheriff Skullface
44%
Stone Golem
44%
Time Assassin
44%
Vlad the Installer
44%
Captain Ed Shivers
38%
Chastity
38%
Deep Diver
38%
Dr. Peabody
38%
Eli Scrubs
38%
Envirosuit
38%
Ghengis Kant
38%
Ghost
38%
Gilbert Gastric
38%
Goliath SD/9
38%
John Smith
38%
Lazarus Mumble
38%
Lenny Oldburn
38%
Nurse Gulag
38%
Oleg
38%
Prometheus SD/7
38%
Prometheus SK/8
38%
Pulov Yuran
38%
Renzo
38%
SecuriDroid XP
38%
Teeth Mummy
38%
The Cropolite
38%
The Freak
38%
The Master
38%
Viola
38%
Warrant Officer Keely
38%
Arial DaVinci
31%
Comrade Papadov
31%
Dr. Pustule
31%
Gideon Gout
31%
Goddard
31%
Gretel
31%
Jacque de la Morte
31%
Jim Smith
31%
Koozer Mox
31%
Kypriss
31%
Leonid
31%
Mr. Socky
31%
Nobby Peters
31%
Nurse Tourniquet
31%
Riot Officer
31%
Robot Louis Stevenson
31%
Sapper Johnson
31%
Schmidt
31%
Sister Faith
31%
Tin-Legs Tommy
31%
Tommy Jenkins
31%
Braces
25%
Brother Bartholomew
25%
Candi Skyler
25%
Captain Fitzgerald
25%
Ivor Baddic
25%
Mr Giggles
25%
Neophyte Constance
25%
Neophyte Lucian
25%
R One-Oh-Seven
25%
Warrant Officer Cain
25%
Fergal Stack
19%
Jack Sprocket
19%
No matching quizzes found
Score Distribution
Percent of People with Each Score
Percentile by Number Answered
Your Score History
You have not taken this quiz